LIBRARY & INFORMATION CENTRE, KCAET, TAVANUR

ONLINE PUBLIC ACCESS CATALOGUE (OPAC)

Prinicples of Agricultural Engineering Vol. 1 (Record no. 14109)

MARC details
000 -LEADER
fixed length control field 00371nam a22001457a 4500
020 ## - INTERNATIONAL STANDARD BOOK NUMBER
ISBN 8186321632
082 ## - DEWEY DECIMAL CLASSIFICATION NUMBER
Classification number 631.1
Item number OJH/PR
100 ## - MAIN ENTRY--AUTHOR NAME
Personal name Ojha T P
245 ## - TITLE STATEMENT
Title Prinicples of Agricultural Engineering Vol. 1
260 ## - PUBLICATION, DISTRIBUTION, ETC. (IMPRINT)
Place of publication New Delhi
Name of publisher Jain Brothers
Year of publication 2012
300 ## - PHYSICAL DESCRIPTION
Number of Pages 902
650 ## - SUBJECT ADDED ENTRY--TOPICAL TERM
Topical Term Agricultual Engineering
700 ## - ADDED ENTRY--PERSONAL NAME
Personal name Michael A M
942 ## - ADDED ENTRY ELEMENTS (KOHA)
Koha item type Books

No items available.

free website counter